Sports Quiz

Random Sports or Hockey Quiz

Colors in Team Names Quiz Stats

 Plays Quiz Updated Jul 23, 2020

Support Sporcle.
Go Orange.
Score 0/11 Timer 03:00
8 Plays Today
League Team % Correct
NBANo team names include a color
100%
MLBCincinnati Reds
94.6%
MLBBoston Red Sox
90.7%
MLBChicago White Sox
90.7%
MLBToronto Blue Jays
75.6%
NFLCleveland Browns
69.8%
NHLDetroit Red Wings
66.8%
NHLSt. Louis Blues
63.2%
NHLChicago Blackhawks
62.7%
NHLColumbus Blue Jackets
57.2%
NHLVegas Golden Knights
35.7%

From the Vault

Remove Ads.
Support Sporcle.
Get the best of Sporcle when you Go Orange. This ad-free experience offers more features, more stats, and more fun while also helping to support Sporcle. Thank you for becoming a member.

Show Comments

Extras

Top Quizzes Today


Score Distribution

Your Account Isn't Verified!

In order to create a playlist on Sporcle, you need to verify the email address you used during registration. Go to your Sporcle Settings to finish the process.

Report this User

Report this user for behavior that violates our Community Guidelines.

Details: